00874nam a2200265Ia 4500001000600000003000900006008004100015040001300056040001300069041001300082100001800095100002900113245007400142245009700216250001100313260001100324260000900335260004100344300005700385500004600442650003500488650003100523700002700554700002700581 5302IT-RoPAU130308s9999 xx 000 0 und d aIT-RoPAU cIT-RoPAU aITALIANO aJean Philippe gCodice Aut. SPICS: 5234 aRivalità e la fine degli imperi (La)-Sommarrio di storia dell'arte  bEnciclopedia dell'arte -L'Arte e L'Uomo-1-Dalle Arti primitive All'Arte Ellenistica e Romana a2a ed. aTORINO bSAIE c1972 [1° Ed.: - Ed.Ling.Originale:] a"8 p. (prefazione: no ; testo: 8 [pagine: 161-168])" aEgitto paese di Canaan Ittiti Mesopotamia aENCICLOPEDIE DELLE ARTI VISIVE eCodice materia Spics: 5001 aTisserant Marie-Louise gCodice Aut. SPICS: 724